[Event "Cappelle Online Blitz op"]
[Site "Europe Echecs INT"]
[Date "2021.03.07"]
[Round "7"]
[White "Godel, Wenceslas"]
[Black "Levannier Gouel, Marius"]
[Result "1-0"]
[WhiteElo "1978"]
[BlackElo "1676"]
[PlyCount "47"]
[EventDate "2021.03.07"]
[EventType "swiss (blitz)"]
[EventRounds "11"]
[EventCountry "FRA"]
[SourceTitle "CBM 201 Extra"]
[Source "ChessBase"]
[SourceDate "2021.05.31"]
[SourceVersion "1"]
[SourceVersionDate "2021.05.31"]
[SourceQuality "1"]

1. Nf3 d5 2. g3 e6 3. Bg2 c5 4. 0-0 Nf6 5. d4 Be7 6. c4 0-0 7. cxd5 exd5 8. dxc5 Bxc5 9. a3 Nc6 10. b4 Bb6 11. Bb2 Be6 12. Qd3 Qd7 13. Nbd2 Bf5 14. Qb3 Ne4 15. e3 Rad8 16. Rad1 Qe7 17. Rfe1 Rfe8 18. Nf1 Be6 19. Nd4 Qf6 20. Nf3 Qe7 21. Ba1 d4 22. Qc2 Bf5 23. Nh4 Bg6 24. Nxg6 1-0

[Event "Cappelle Online Bullet op"]
[Site "Europe Echecs INT"]
[Date "2021.03.05"]
[Round "9"]
[White "Levannier Gouel, Marius"]
[Black "Lagura, Marcelo"]
[Result "1/2-1/2"]
[WhiteElo "1676"]
[BlackElo "1756"]
[PlyCount "111"]
[EventDate "2021.03.05"]
[EventType "swiss (blitz)"]
[EventRounds "15"]
[EventCountry "FRA"]
[SourceTitle "EXT 2022"]
[Source "ChessBase"]
[SourceDate "2021.10.06"]
[SourceVersion "1"]
[SourceVersionDate "2021.10.06"]
[SourceQuality "1"]

1. e4 c5 2. Nf3 Nc6 3. Bb5 d6 4. 0-0 Bd7 5. c3 a6 6. Ba4 b5 7. Bc2 e6 8. d4 cxd4 9. cxd4 e5 10. dxe5 Nxe5 11. Nxe5 dxe5 12. Bb3 Nf6 13. Bg5 Be7 14. Bxf6 Bxf6 15. Qd5 0-0 16. Nc3 Rc8 17. f4 exf4 18. Rxf4 Bg5 19. Rf2 Be3 20. Raf1 Bxf2+ 21. Rxf2 Be6 22. Qh5 Bxb3 23. axb3 b4 24. Nd5 Rc1+ 25. Rf1 Rxf1+ 26. Kxf1 Qd6 27. Qg4 Qg6 28. Qf3 Kh8 29. Nf4 Qf6 30. g3 Qxb2 31. Ne2 a5 32. e5 a4 33. bxa4 Qa1+ 34. Kf2 Qxa4 35. e6 f6 36. e7 Qa7+ 37. Qe3 Qxe3+ 38. Kxe3 Re8 39. Kd4 Rxe7 40. Nf4 Rb7 41. Kc4 b3 42. Nd3 b2 43. Nxb2 Rxb2 44. Kd5 Rxh2 45. g4 Rg2 46. Ke4 Rxg4+ 47. Kf5 Rg5+ 48. Kf4 h5 49. Kf3 Kh7 50. Ke4 Kg6 51. Kd4 Rg4+ 52. Ke3 Kg5 53. Kf3 h4 54. Kf2 Kf5 55. Kf3 Rg3+ 56. Kf2 1/2-1/2

[Event "Cappelle Online Bullet op"]
[Site "Europe Echecs INT"]
[Date "2021.03.05"]
[Round "4"]
[White "Saya, Ethan"]
[Black "Levannier Gouel, Marius"]
[Result "1-0"]
[WhiteElo "2230"]
[BlackElo "1676"]
[PlyCount "45"]
[EventDate "2021.03.05"]
[EventType "swiss (blitz)"]
[EventRounds "15"]
[EventCountry "FRA"]
[SourceTitle "EXT 2022"]
[Source "ChessBase"]
[SourceDate "2021.10.06"]
[SourceVersion "1"]
[SourceVersionDate "2021.10.06"]
[SourceQuality "1"]

1. e4 c5 2. Nc3 a6 3. g3 b5 4. Bg2 Bb7 5. Nge2 e6 6. d3 Nf6 7. 0-0 d5 8. exd5 exd5 9. Bg5 Be7 10. Nf4 d4 11. Bxb7 Ra7 12. Bg2 dxc3 13. bxc3 0-0 14. Re1 h6 15. Bxf6 Bxf6 16. Nd5 Bxc3 17. Nxc3 b4 18. Ne4 Re7 19. Nxc5 Rfe8 20. Rxe7 Qxe7 21. Ne4 f5 22. Nd2 Nc6 23. Bxc6 1-0